000 00502nam a2200181Ia 4500
005 20250508162232.0
008 008 250505s9999 xx 000 0 hin d
037 _aTextual
040 _aFEDL
_beng
_cFEDL
041 _ahin
_2eng
084 _a891.434, CHA
_qFEDL
100 _aChaturvedi Makhan Lal
245 0 _aRangon ki boli
260 _aNew Delhi, India
_bNational Publishing House
_c1982
300 _aviii,101p
942 _cTEXL
_h891.434, CHA
999 _c1375277
_d1375277